| 000 | 00633nam a2200181 a 4500 | ||
|---|---|---|---|
| 005 | 20240426063749.0 | ||
| 008 | 991125s1974 mx 000 0 spa u | ||
| 035 | _aUPN01000031472 | ||
| 049 | _aSEP | ||
| 050 | 4 |
_aHC137 O2 _bB4.48 |
|
| 100 | 1 | _aBerg, Richard Lewis | |
| 245 | 1 | 3 |
_aEl impacto de la economía moderna : _bsobre la economía tradicional de Zoogocho, Oaxaca y su área circundante / _cRichard Lewis Berg ; tr. Victoria Miret. |
| 260 |
_aMéxico : _bSEP : _bINI, _c1974. |
||
| 300 |
_a256 p. : _bil. |
||
| 440 | 0 |
_aSEP-INI. _pAntropologia social ; _v24 |
|
| 651 | 4 |
_aOaxaca _xCondiciones económicas _920540 |
|
| 905 | _aLibro | ||
| 999 |
_c31472 _d31472 |
||